Most Points For Each Day Of The 2023-24 NBA Regular Season - Statistics

General Stats
  • This quiz has been taken 113 times
    60 since last reset
  • The average score is 49 of 65
Answer Stats
Team Player Days Led % Correct
Los Angeles Lakers Anthony Davis 5
100%
Phoenix Suns Devin Booker 7
100%
New York Knicks Jalen Brunson 10
100%
Philadelphia 76ers Joel Embiid 7
100%
Los Angeles Lakers LeBron James 1
100%
Dallas Mavericks Luka Dončić 14
100%
Denver Nuggets Nikola Jokić 4
100%
Oklahoma City Thunder Shai Gilgeous-Alexander 7
100%
Golden State Warriors Stephen Curry 5
100%
Atlanta Hawks Trae Young 4
100%
Minnesota Timberwolves Anthony Edwards 5
98%
Cleveland Cavaliers Donovan Mitchell 3
98%
Milwaukee Bucks Giannis Antetokounmpo 10
98%
Boston Celtics Jayson Tatum 5
98%
Los Angeles Clippers Kawhi Leonard 2
98%
Phoenix Suns Kevin Durant 7
98%
Milwaukee Bucks Damian Lillard 7
96%
Atlanta Hawks Dejounte Murray 1
96%
Boston Celtics Jaylen Brown 2
96%
Sacramento Kings Keegan Murray 1
96%
Sacramento Kings De'Aaron Fox 6
94%
Indiana Pacers Tyrese Haliburton 1
94%
Chicago Bulls DeMar DeRozan 4
92%
Los Angeles Clippers Paul George 1
92%
Philadelphia 76ers Tyrese Maxey 6
92%
Memphis Grizzlies Jaren Jackson Jr. 1
89%
Miami Heat Jimmy Butler 1
89%
Dallas Mavericks Kyrie Irving 1
87%
San Antonio Spurs Victor Wembanyama 1
87%
Chicago Bulls Zach Lavine 1
87%
New Orleans Pelicans Zion Williamson 2
87%
Phoenix Suns Bradley Beal 1
81%
Detroit Pistons Cade Cunningham 1
81%
Orlando Magic Paolo Banchero 1
81%
New Orleans Pelicans Brandon Ingram 1
77%
Brooklyn Nets Cam Thomas 4
77%
New York Knicks Julius Randle 2
77%
Brooklyn Nets Mikal Bridges 5
77%
Charlotte Hornets Miles Bridges 2
77%
Memphis Grizzlies GG Jackson II 2
75%
Denver Nuggets Reggie Jackson 1
75%
Sacramento Kings Harrison Barnes 1
74%
Houston Rockets Jalen Green 2
74%
Denver Nuggets Michael Porter Jr. 1
74%
Washington Wizards Jordan Poole 1
72%
Toronto Raptors, Indiana Pacers Pascal Siakam 2
70%
Golden State Warriors Klay Thompson 1
68%
Portland Trail Blazers Anfernee Simons 1
66%
Los Angeles Lakers D'Angelo Russell 2
64%
Orlando Magic Franz Wagner 1
64%
Houston Rockets Alperen Sengun 1
62%
San Antonio Spurs Keldon Johnson 1
53%
Oklahoma City Thunder Chet Holmgren 1
51%
Houston Rockets Fred VanVleet 1
51%
Philadelphia 76ers Tobias Harris 1
51%
Utah Jazz Collin Sexton 1
42%
Phoenix Suns Jusuf Nurkic 1
40%
New York Knicks Donte DiVincenzo 1
30%
Portland Trail Blazers Jerami Grant 1
30%
Charlotte Hornets Terry Rozier 1
28%
Detroit Pistons Malachi Flynn 1
26%
Atlanta Hawks Bogdan Bogdanovic 1
23%
Washington Wizards Deni Avdija 1
23%
Chicago Bulls Ayo Dosunmu 1
13%
Cleveland Cavaliers Georges Niang 1
8%
No matching quizzes found
Score Distribution
Percent of People with Each Score
Percentile by Number Answered
Your Score History
You have not taken this quiz since the last reset